000 00504nam a2200205Ia 4500
003 OSt
005 20140321132821.0
008 140130s9999 xx 000 0 und d
020 _a0439394465
050 _aPZ 7
_b.H389Shf 2002
100 _aHenkes, Kevin
245 _cKevin Henkes
_aSheila Rae's Peppermint Stick /
260 _bScholastic,
_c2002.
_aNew York :
300 _a20 p. :
_bcol. ill. ;
_c16 cm.
440 _v1
521 _aBR
526 _cBR
942 _cBK
_2lcc
999 _c41550
_d41550